1311 1827 1850 1215 1100 1929 1634 1676 1565 1042 1901 1446 1739 1908 1263 1917 1443 1722 1372 1713 1689 1174 1657 1353 1630 1611 1908 1806 1726 1922 1507 1563 1583 1244 1221 1428 1597 1233 1452 1475 1982 1613 1142 1537 1131 1858 1297 1590 1705 1836 1790 1837 1866 1641 1656 1400 1202 1527 1430 1213 1523 1200 1491 1701 1623 1121 1799 1800 1027 1983 1557 1320 1394 1102 1912 1386 1386 1255 1375 1072 1491 1412 1152 1954 1653 1862 1318 1968 1029 1536 1386 1376 1508 1648 1586 1883 1915 1366 1506 BCNSPRNW ULIB Ver.6.0+V

เปลี่ยนเป็นภาษาไทย

Change to English
 แสดงรายละเอียดบรรณานุกรม
  กลับหน้าหลัก

Brief Record : Get Marc (ISO 2709) : E-mail record : QR code < ปิดหน้าต่าง
LEADER : 00000nam 2200000uu 4500
001    13399125426
003     ULIB
008    170601s||||||||th 000 0 tha d
020    ^a9786163447678
060  4 ^aWI700^bย415ด
100 0  ^aยุพาพิน ประเสริฐกุล
245 10 ^aดูแลตับ เทคนิคการป้องกันและรักษาโรคไวรัสตับทุกชนิด /^cยุพาพิน ประเสริฐกุล
250    ^aพิมพ์ครั้งที่2
260    ^aกรุงเทพฯ :^bFeel good,^c2559
300    ^a208 หน้า :^bภาพประกอบ
500    ^aชื่อเรื่องจากปกนอก
650  7 ^aตับอักเสบจากไวรัส^xการป้องกันและควบคุม
700 0  ^aอังสณา ปรึกษา,^eบรรณาธิการ
945    ^p160^l0^i24931
945    ^p160^l0^i24932
945    ^p160^l0^i24933
945    ^p160^l0^i24934
945    ^p160^l0^i24935
999    ^aกัณชพร
รายการนี้ยังไม่มีแท็ก
คุณยังไม่ได้ล็อกอิน คุณสามารถมีกิจกรรมร่วมกับเว็บไซต์ได้ แต่ต้องล็อกอินก่อน ::
  ล็อกอิน

รายการสื่อสารสนเทศ

ลำดับที่ ประเภท เลขเรียก/บาร์โค้ด สถานที่ สถานะ
1. หนังสือสำรอง
หนังสือสำรอง
สถานะ=หนังสือเก่า
WI700 ย415ด ฉ.1 
  Barcode: 24931
ห้องสมุดวิทยาเขตนครสวรรค์
►ส่วนจัดเก็บหนังสือเก่า นว.
บนชั้น
  ขอยืม
2. วิทยาศาสตร์การแพทย์ และสุขภาพ
วิทยาศาสตร์การแพทย์ และสุขภาพ
สถานะ=หนังสือเก่า
WI700 ย415ด ฉ.2 
  Barcode: 24932
ห้องสมุดวิทยาเขตนครสวรรค์
►ส่วนจัดเก็บหนังสือเก่า นว.
บนชั้น
  ขอยืม
3. วิทยาศาสตร์การแพทย์ และสุขภาพ
วิทยาศาสตร์การแพทย์ และสุขภาพ
สถานะ=หนังสือเก่า
WI700 ย415ด ฉ.3 
  Barcode: 24933
ห้องสมุดวิทยาเขตนครสวรรค์
►ส่วนจัดเก็บหนังสือเก่า นว.
บนชั้น
  ขอยืม
4. วิทยาศาสตร์การแพทย์ และสุขภาพ
วิทยาศาสตร์การแพทย์ และสุขภาพ
สถานะ=หนังสือเก่า
WI700 ย415ด ฉ.4 
  Barcode: 24934
ห้องสมุดวิทยาเขตนครสวรรค์
►ส่วนจัดเก็บหนังสือเก่า นว.
บนชั้น
  ขอยืม
5. วิทยาศาสตร์การแพทย์ และสุขภาพ
วิทยาศาสตร์การแพทย์ และสุขภาพ
สถานะ=หนังสือเก่า
WI700 ย415ด ฉ.5 
  Barcode: 24935
ห้องสมุดวิทยาเขตนครสวรรค์
►ส่วนจัดเก็บหนังสือเก่า นว.
บนชั้น
  ขอยืม

รายการใกล้เคียง
    ผู้แต่ง [ยุพาพิน ประเสริฐกุล]

BibComment


ยังไม่เคยถูกคอมเมนท์

คอมเมนท์ทรัพยากรรายการนี้
  คอมเมนท์: ดูแลตับ เทคนิคกา..


 Copyright 2026. Bcnsprnw @Library